[Event "Figueira da Foz op 15th"]
[Site "Figueira da Foz"]
[Date "2021.10.31"]
[Round "1"]
[White "Senlle Caride, Miguel"]
[Black "Dahlgren, James Allen"]
[Result "1-0"]
[WhiteElo "2374"]
[BlackElo "1845"]
[PlyCount "51"]
[EventDate "2021.10.31"]
[EventType "swiss"]
[EventRounds "9"]
[EventCountry "POR"]
[SourceTitle "CBM 205 Extra"]
[Source "ChessBase"]
[SourceDate "2022.01.31"]
[SourceVersion "1"]
[SourceVersionDate "2022.01.31"]
[SourceQuality "1"]

1. e4 c5 2. Nc3 Nc6 3. Nge2 g6 4. d4 cxd4 5. Nxd4 Bg7 6. Nxc6 bxc6 7. Bc4 d6 8. Qf3 e6 9. 0-0 Ne7 10. Bg5 0-0 11. Rad1 Qc7 12. Qg3 Rd8 13. Rd3 h6 14. Bc1 Qd7 15. Qh3 Kh7 16. e5 d5 17. Ne4 Ng8 18. Ng5+ Kh8 19. Rf3 Rf8 20. Bd3 Bb7 21. Be3 d4 22. Bxd4 Qxd4 23. Nxf7+ Rxf7 24. Rxf7 Qxe5 25. Rxb7 Rf8 26. Qg3 1-0

[Event "Leon Blitz op 34th"]
[Site "Chess.com INT"]
[Date "2021.07.07"]
[Round "13"]
[White "Baskin, Robert"]
[Black "Senlle Caride, Miguel"]
[Result "0-1"]
[WhiteElo "2390"]
[BlackElo "2354"]
[PlyCount "34"]
[EventDate "2021.07.07"]
[EventType "swiss (blitz)"]
[EventRounds "14"]
[EventCountry "ESP"]
[SourceTitle "CBM 203 Extra"]
[Source "ChessBase"]
[SourceDate "2021.09.30"]
[SourceVersion "1"]
[SourceVersionDate "2021.09.30"]
[SourceQuality "1"]

1. d4 Nf6 2. c4 e6 3. g3 d5 4. Nf3 Be7 5. Bg2 0-0 6. 0-0 dxc4 7. Ne5 c5 8. dxc5 Qc7 9. Nxc4 Qxc5 10. b3 Rd8 11. Qc2 Nc6 12. Nc3 e5 13. e3 Nb4 14. Qe2 Bg4 15. Bf3 Bxf3 16. Qxf3 b5 17. a3 Nd3 0-1

[Event "Leon Blitz op 34th"]
[Site "Chess.com INT"]
[Date "2021.07.07"]
[Round "1"]
[White "Ibrahimli, Murad Sultanali"]
[Black "Senlle Caride, Miguel"]
[Result "1-0"]
[WhiteElo "2436"]
[BlackElo "2354"]
[PlyCount "79"]
[EventDate "2021.07.07"]
[EventType "swiss (blitz)"]
[EventRounds "14"]
[EventCountry "ESP"]
[SourceTitle "CBM 203 Extra"]
[Source "ChessBase"]
[SourceDate "2021.09.30"]
[SourceVersion "1"]
[SourceVersionDate "2021.09.30"]
[SourceQuality "1"]

1. Nf3 Nf6 2. g3 e6 3. Bg2 d5 4. 0-0 Be7 5. c4 0-0 6. d4 dxc4 7. Qc2 b5 8. a4 b4 9. Nfd2 c6 10. Nxc4 Qxd4 11. Be3 Qd8 12. Nbd2 Nd5 13. Nb3 Ba6 14. Bc5 Nd7 15. Bxe7 Qxe7 16. Rfd1 c5 17. Nba5 N7b6 18. Ne5 Rac8 19. e4 Nf6 20. Nec6 Qc7 21. Qxc5 b3 22. Rac1 Kh8 23. Qb4 Nc4 24. Rxc4 Bxc4 25. Qxc4 Qb6 26. Qb5 Rc7 27. e5 Nd5 28. Bxd5 exd5 29. Rxd5 h6 30. Qd3 Rxc6 31. Nxc6 Qxc6 32. Qxb3 Rc8 33. Rd1 Rc7 34. Rd8+ Kh7 35. Qd3+ g6 36. b3 Qc1+ 37. Kg2 Qe1 38. Qd5 Kg7 39. Qd6 Rb7 40. Qf6+ 1-0

[Event "Leon Blitz op 34th"]
[Site "Chess.com INT"]
[Date "2021.07.07"]
[Round "12"]
[White "Senlle Caride, Miguel"]
[Black "Sarkar, Justin"]
[Result "1-0"]
[WhiteElo "2354"]
[BlackElo "2338"]
[PlyCount "107"]
[EventDate "2021.07.07"]
[EventType "swiss (blitz)"]
[EventRounds "14"]
[EventCountry "ESP"]
[SourceTitle "CBM 203 Extra"]
[Source "ChessBase"]
[SourceDate "2021.09.30"]
[SourceVersion "1"]
[SourceVersionDate "2021.09.30"]
[SourceQuality "1"]

1. e4 c5 2. Nc3 Nc6 3. Nge2 g6 4. d4 cxd4 5. Nxd4 Bg7 6. Nxc6 bxc6 7. Bc4 Qb6 8. 0-0 Ba6 9. Na4 Qa5 10. Bxa6 Qxa6 11. Qxd7+ Kxd7 12. Nc5+ Kc7 13. Nxa6+ Kb6 14. Nb4 a5 15. Be3+ Kb7 16. Nd3 Nf6 17. Nc5+ Kc8 18. f3 Nd7 19. c3 Nxc5 20. Bxc5 e6 21. Rfd1 Rd8 22. Bb6 Rxd1+ 23. Rxd1 Bf6 24. Rd2 a4 25. a3 Rb8 26. Be3 Rb7 27. Kf2 Rd7 28. Rxd7 Kxd7 29. Ke2 Be7 30. Kd3 c5 31. Kc4 Kc6 32. f4 Bf8 33. g4 f5 34. gxf5 gxf5 35. e5 Be7 36. Bf2 h6 37. h3 h5 38. Be1 Bd8 39. Bf2 Be7 40. Bg1 Bf8 41. Be3 Be7 42. Bf2 Kb6 43. b4 axb3 44. Kxb3 Kb5 45. a4+ Kc6 46. Kc4 Kb6 47. a5+ Kxa5 48. Bxc5 Bh4 49. Be3 Be1 50. Kc5 Bxc3 51. Kd6 Kb5 52. Kxe6 Kc4 53. Kxf5 Kd3 54. Bc5 1-0

[Event "Leon Blitz op 34th"]
[Site "Chess.com INT"]
[Date "2021.07.07"]
[Round "14"]
[White "Senlle Caride, Miguel"]
[Black "Tejedor Fuente, Enrique"]
[Result "1/2-1/2"]
[WhiteElo "2354"]
[BlackElo "2434"]
[PlyCount "152"]
[EventDate "2021.07.07"]
[EventType "swiss (blitz)"]
[EventRounds "14"]
[EventCountry "ESP"]
[SourceTitle "CBM 203 Extra"]
[Source "ChessBase"]
[SourceDate "2021.09.30"]
[SourceVersion "1"]
[SourceVersionDate "2021.09.30"]
[SourceQuality "1"]

1. d4 Nf6 2. c4 e6 3. Nc3 Bb4 4. Bd2 0-0 5. Qc2 c5 6. dxc5 Na6 7. a3 Bxc3 8. Bxc3 Nxc5 9. b4 Nce4 10. Bb2 d5 11. e3 Bd7 12. Nf3 Rc8 13. c5 b6 14. Ba6 Rc7 15. Be5 Rc6 16. Bb7 bxc5 17. Bxc6 Bxc6 18. 0-0 c4 19. Nd4 Bd7 20. f3 Ng5 21. h4 Nge4 22. b5 Nc5 23. a4 Nd3 24. Bxf6 Qxf6 25. g3 e5 26. Ne2 Qb6 27. Nc3 Qxe3+ 28. Kh2 Be6 29. Nd1 Qd4 30. Nf2 Nb4 31. Qd1 Qc5 32. Rb1 a5 33. bxa6 Nxa6 34. Rb5 Qa3 35. Qa1 Qxf3 36. Qxe5 Qa3 37. Qa1 Qe3 38. Qe1 Qa3 39. Qa1 Qd6 40. Qd4 Nc7 41. Rb6 Qa3 42. Rc6 Ne8 43. Ra1 Qf3 44. a5 Nf6 45. a6 Bd7 46. Rc7 Bf5 47. a7 Ne4 48. a8Q Qxg3+ 49. Kh1 Qf3+ 50. Kg1 Qg3+ 51. Kf1 Bh3+ 52. Nxh3 Qxh3+ 53. Ke1 Qg3+ 54. Kd1 Qxc7 55. Qaa7 Qf4 56. Qe3 Qxh4 57. Qad4 Qh5+ 58. Kc2 Qf5 59. Rg1 Nf6+ 60. Kc1 Rb8 61. Qa1 h5 62. Qec3 Qf4+ 63. Qd2 Qf5 64. Qdc3 Kh7 65. Rxg7+ Kxg7 66. Qg3+ Kh7 67. Qxb8 h4 68. Qbe5 Qf1+ 69. Kc2 Qf2+ 70. Kc1 Qf1+ 71. Kb2 Qf2+ 72. Ka3 Qc5+ 73. Ka4 Qc6+ 74. Ka3 Qc5+ 75. Kb2 Qf2+ 76. Kc1 Qf1+ 1/2-1/2

[Event "Pontevedra op 7th"]
[Site "Pontevedra"]
[Date "2019.08.13"]
[Round "8"]
[White "Senlle Caride, Miguel"]
[Black "Garrido Piriz, Pablo"]
[Result "1-0"]
[WhiteElo "2357"]
[BlackElo "2071"]
[PlyCount "79"]
[EventDate "2019.08.08"]
[EventType "swiss"]
[EventRounds "9"]
[EventCountry "ESP"]
[SourceTitle "EXT 2020"]
[Source "ChessBase"]
[SourceDate "2019.10.17"]
[SourceVersion "1"]
[SourceVersionDate "2019.10.17"]
[SourceQuality "1"]

1. e4 c5 2. Nc3 a6 3. Nf3 b5 4. d4 b4 5. Na4 cxd4 6. Qxd4 Nc6 7. Qb6 Rb8 8. Qxd8+ Kxd8 9. Bf4 d6 10. e5 f6 11. exd6 e5 12. Be3 Bxd6 13. 0-0-0 Ke7 14. Nb6 Nh6 15. Nd5+ Ke6 16. Bxh6 gxh6 17. Nxf6 Be7 18. Ng4 Rd8 19. Bc4+ Kf5 20. Nxh6+ Kg6 21. Nf7 Rxd1+ 22. Rxd1 e4 23. N7e5+ Nxe5 24. Nxe5+ Kf5 25. Nc6 Bg5+ 26. Kb1 Ra8 27. Nxb4 Bf6 28. c3 Ra7 29. Rd6 Rg7 30. Nd5 Be5 31. Rd8 Bb7 32. Rf8+ Kg5 33. Ne3 Bxh2 34. g3 h5 35. Be2 Bg1 36. Rf5+ Kh6 37. Rxh5+ Kg6 38. Rf5 Bc8 39. Rf4 Rf7 40. Bh5+ 1-0